| 000 | 01134nam a22002537a 4500 | ||
|---|---|---|---|
| 999 |
_c63542 _d63542 |
||
| 005 | 20240530110646.0 | ||
| 008 | 171114s2015 ua a g 000 0 ara d | ||
| 017 |
_a2015/2904 _bمصر. دار الكتب |
||
| 020 | _a9789773375263 | ||
| 040 |
_aEG-CaGPL _cEG-CaGPL |
||
| 082 | 0 | 4 |
_221 _a658.45 / _bخ م |
| 110 | 0 | _aخبراء مركز الخبرات المهنية للادارة بميك | |
| 245 | 1 | 0 |
_aمهارات خدمة العملاء فى مراكز الاتصال / _cاعداد المادة العلمية خبراء مركز الخبرات المهنية للادارة بميك ؛ عبدالرحمن توفيق |
| 260 |
_aالقاهرة : _bمركز الخبرات المهنية للادارة (ببميك) ، _c2015. |
||
| 300 |
_a46 ص. : _bايض ؛ _c32 سم. |
||
| 650 | 0 | 7 |
_2qrmak _aالتدريب |
| 650 | 0 | 7 |
_2qrmak _aالتوجية الادارى |
| 650 | 0 | 7 |
_2qrmak _aالدورات التدريبية |
| 651 | _2qrmak | ||
| 653 | 0 | _aخدمة العملاء - مهارة | |
| 700 | 0 |
_aعبدالرحمن توفيق _eمستشار |
|
| 942 |
_2ddc _cBK |
||